| 000 -LEADER |
| fixed length control field |
00652cam a2200193 i 4500 |
| 001 - CONTROL NUMBER |
| control field |
20366898 |
| 005 - DATE AND TIME OF LATEST TRANSACTION |
| control field |
20221107162630.0 |
| 008 - FIXED-LENGTH DATA ELEMENTS--GENERAL INFORMATION |
| fixed length control field |
180222s2019 nyua b 001 0 eng |
| 020 ## - INTERNATIONAL STANDARD BOOK NUMBER |
| International Standard Book Number |
9781260091991x |
| 041 ## - LANGUAGE CODE |
| Language code of text/sound track or separate title |
eng |
| 080 ## - UNIVERSAL DECIMAL CLASSIFICATION NUMBER |
| Universal Decimal Classification number |
519.854 R-79 |
| 100 1# - MAIN ENTRY--PERSONAL NAME |
| Personal name |
Rosen, Kenneth H., |
| 9 (RLIN) |
9469 |
| 245 10 - TITLE STATEMENT |
| Title |
Discrete mathematics and its applications / |
| Statement of responsibility, etc. |
Kenneth H. Rosen, Monmouth University, and formerly AT&T Laboratories. |
| 250 ## - EDITION STATEMENT |
| Edition statement |
Eighth edition. |
| 264 #1 - PRODUCTION, PUBLICATION, DISTRIBUTION, MANUFACTURE, AND COPYRIGHT NOTICE |
| Place of production, publication, distribution, manufacture |
New York, NY : |
| Name of producer, publisher, distributor, manufacturer |
McGraw-Hill, |
| Date of production, publication, distribution, manufacture, or copyright notice |
[2019]. |
| 300 ## - PHYSICAL DESCRIPTION |
| Extent |
942 pages : |
| Other physical details |
illustrations ; |
| Dimensions |
27 cm. |
| 653 ## - INDEX TERM--UNCONTROLLED |
| keyword |
დისკრეტული მათემატიკა |
| 942 ## - ADDED ENTRY ELEMENTS (KOHA) |
| Source of classification or shelving scheme |
|
| Koha item type |
წიგნი |